|
|
|
|
| LEADER |
02801nam a2200385 a 4500 |
| 001 |
31859 |
| 003 |
BD-DhAAL |
| 005 |
20211207113500.0 |
| 008 |
170522s2017 enkad b 001 0 eng d |
| 999 |
|
|
|c 38001
|d 38001
|
| 020 |
|
|
|a 9781292160504
|
| 020 |
|
|
|a 1292160500
|
| 040 |
|
|
|a DLC
|b eng
|c DLC
|e rda
|d BD-DhAAL
|
| 082 |
0 |
0 |
|a 339
|2 23
|
| 100 |
1 |
|
|a Blanchard, Olivier
|q (Olivier J.),
|e author.
|9 21144
|
| 245 |
0 |
0 |
|a Macroeconomics /
|c Olivier Blanchard.
|
| 250 |
|
|
|a Seventh edition.
|
| 260 |
|
|
|a Boston :
|b Pearson,
|c 2017.
|
| 300 |
|
|
|a 530, A-16, G-10, I-8, C-1 pages :
|b illustrations, charts ;
|c 25 cm.
|
| 504 |
|
|
|a Includes bibliographical references and index.
|
| 526 |
|
|
|a ESS
|
| 541 |
|
|
|a STS International, Karim International
|e 31859, 31860, 35863, 35864, 37140, 37141, 37142, 37143, 37144
|
| 650 |
|
0 |
|a Macroeconomics
|x Economics.
|9 21145
|
| 650 |
|
0 |
|a Economics.
|9 43473
|
| 852 |
|
|
|a Ayesh Abed Library
|c General Stacks
|
| 942 |
|
|
|2 ddc
|c BK
|
| 952 |
|
|
|0 0
|1 0
|2 ddc
|4 0
|6 339_000000000000000_BLA
|7 0
|9 60702
|a BRACUL
|b BRACUL
|c GEN
|d 2017-05-22
|e Karim International
|g 8800.00
|l 15
|m 103
|o 339 BLA
|p 3010031860
|r 2026-05-12
|s 2026-04-05
|t 2
|v 8800.00
|w 2017-05-22
|y BK
|
| 952 |
|
|
|0 0
|1 0
|2 ddc
|4 0
|6 339_000000000000000_BLA
|7 0
|9 60703
|a BRACUL
|b BRACUL
|c CIR
|d 2017-05-22
|e Karim International
|g 8800.00
|l 0
|o 339 BLA
|p 3010031859
|r 2017-05-22
|t 1
|v 8800.00
|w 2017-05-22
|y 1HOUR
|
| 952 |
|
|
|0 0
|1 0
|2 ddc
|4 0
|6 339_000000000000000_BLA
|7 0
|9 66327
|a BRACUL
|b BRACUL
|c GEN
|d 2019-09-16
|e STS International
|g 4296.00
|l 9
|m 69
|o 339 BLA
|p 3010035863
|r 2026-01-15
|s 2025-06-26
|t 3
|v 4296.00
|w 2019-09-16
|y BK
|
| 952 |
|
|
|0 0
|1 0
|2 ddc
|4 0
|6 339_000000000000000_BLA
|7 0
|9 66328
|a BRACUL
|b BRACUL
|c GEN
|d 2019-09-16
|e STS International
|g 4296.00
|l 11
|m 140
|o 339 BLA
|p 3010035864
|r 2026-04-05
|s 2025-10-28
|t 4
|v 4296.00
|w 2019-09-16
|y BK
|
| 952 |
|
|
|0 0
|1 0
|2 ddc
|4 0
|6 339_000000000000000_BLA
|7 0
|9 67939
|a BRACUL
|b BRACUL
|c GEN
|d 2020-02-11
|e Karim International
|g 4370.00
|l 11
|m 111
|o 339 BLA
|p 3010037143
|r 2026-02-26
|s 2026-02-19
|t 8
|v 4370.00
|w 2020-02-11
|y BK
|
| 952 |
|
|
|0 0
|1 0
|2 ddc
|4 0
|6 339_000000000000000_BLA
|7 0
|9 67940
|a BRACUL
|b BRACUL
|c GEN
|d 2020-02-11
|e Karim International
|g 4370.00
|l 9
|m 45
|o 339 BLA
|p 3010037141
|r 2026-05-17
|s 2026-05-16
|t 6
|v 4370.00
|w 2020-02-11
|y BK
|
| 952 |
|
|
|0 0
|1 0
|2 ddc
|4 0
|6 339_000000000000000_BLA
|7 0
|9 67941
|a BRACUL
|b BRACUL
|c GEN
|d 2020-02-11
|e Karim International
|g 4370.00
|l 8
|m 74
|o 339 BLA
|p 3010037140
|q 2026-05-17
|r 2026-04-25
|s 2026-04-25
|t 5
|v 4370.00
|w 2020-02-11
|y BK
|
| 952 |
|
|
|0 0
|1 0
|2 ddc
|4 0
|6 339_000000000000000_BLA
|7 0
|9 67942
|a BRACUL
|b BRACUL
|d 2020-02-11
|e Karim International
|g 4370.00
|l 10
|m 101
|o 339 BLA
|p 3010037142
|r 2026-02-03
|s 2025-10-28
|t 7
|v 4370.00
|w 2020-02-11
|y BK
|
| 952 |
|
|
|0 0
|1 0
|2 ddc
|4 0
|6 339_000000000000000_BLA
|7 0
|9 67943
|a BRACUL
|b BRACUL
|c GEN
|d 2020-02-11
|e Karim International
|g 4370.00
|l 8
|m 118
|o 339 BLA
|p 3010037144
|r 2026-04-22
|s 2025-10-15
|t 9
|v 4370.00
|w 2020-02-11
|y BK
|